000 00477nam a22001937a 4500
003 MPLRDC
005 20220104202144.0
008 210129b ||||| |||| 00| 0 eng d
020 _a978-986-89321-3-5
082 _a413.92 GCQ
100 _a郭长青 编著
245 _a足满足
_c
250 _a初版一刷
260 _a台湾
_b方舟文化出版
_c2013
300 _b
520 _a上架 2017-12-02。
650 _a推拿; 按摩
942 _cBK
_o413.92 GCQ
999 _c67512
_d67502